Discovering flowering plants

Bibliographic Details
Main Author: Coldrey, Jennifer
Format: Book
Published: England : Wayland , 1986
Series:Discovering nature
Subjects:

MARC

LEADER 00000cam a2200000 7i4500
001 0000002081
002 000002275
005 20090608.0
020 |a 0850789192 
090 0 0 |a J 508   |b DIS 
100 1 |a Coldrey, Jennifer 
245 1 0 |a Discovering flowering plants   |c Jennifer Coldrey 
260 |a England :   |b Wayland ,   |c 1986 
300 |a 46p. :   |b ill ;   |c 21cm. 
490 0 |a Discovering nature 
650 0 0 |a Angiosperms   |x Juvenile literature 
999 |a 033677   |b BUKU   |c PINJAMAN   |e PERPUSTAKAAN KOMUNITI PETALING JAYA